000 00882cab a2200289 4500
001 ABS46788
008 090401t1992 xxu||||| |||| 00| 0 eng d
035 _a(Sirsi) u59485
041 _aeng
100 _aO`Hara, R.
245 _aEC development control
260 _c1992
350 _a0
490 _aArchitects` Journal
_v196(3) 15 July 1992, 44-47; 196(4) 22 July 1992, 4
520 _aContrasts the German and French development control systems outlining the basic law in each country, the court systems and defining the main terms.
650 _aCODE DE LURBANISME
650 _aFRANCE
650 _aGERMANY
650 _aLAND USE PLANNING
650 _aPERMIS DE CONSTRUIRE APPLICATION
650 _aPLANNING LAW
650 _aPLANNING SYSTEM
690 _aOVERSEAS-EUROPE
690 _aPLANNING LAW AND PRACTICE
942 _n0
948 _c04/03/1997
999 _c36500
_d36500